Statistiken für Dungeons in Pokemon Mystery Dungeon Himmel

Klicken Sie hier um das Quiz zu spielen!

Allgemein

  • Dieses Quiz wurde 4 mal gespielt
  • Das Durchschnittsergebnis liegt bei 19 aus 84

Antwortstatistiken

Antwort% Korrekt
Ampere-Ebene
100%
Verborgenes Land
100%
Apfelwald
67%
Dunsthöhle
67%
Feuchtklippe
67%
Kristallhöhle
67%
Schroffküste
67%
Strandhöhle
67%
Verwirrwald
67%
Wasserfallhöhle
67%
Zeitturm
67%
Abgrundmeer
33%
Albtraum
33%
Dunkelkrater
33%
Düsterwald
33%
Erdrutschhöhle
33%
Flimmerhöhe
33%
Flimmerwüste
33%
Fluss der Klarheit
33%
Froher Ausguck
33%
Geheimnisdschungel
33%
Geröllbruch
33%
Himmelsgipfel
33%
Hornberg
33%
Kleine Weide
33%
Kristallstraße
33%
Mistralberg
33%
Mitternachtswald
33%
Mühsalberg
33%
Nebelwald
33%
Nordwüste
33%
Null-Insel Nord
33%
Null-Insel Ost
33%
Null-Insel Süd
33%
Null-Insel West
33%
Raumspalte
33%
Riesenvulkan
33%
Salzwasserhöhle
33%
Schemengehölz
33%
Schleichpfad
33%
Stachelberg
33%
Treibsandhöhle
33%
Vergessenswald
33%
Waldpfad
33%
Abschlusstraining
0%
Ägishöhle
0%
Blizzardinsel
0%
Dunkeleisberg
0%
Dunkelhöhe
0%
Dunkles Ödland
0%
Eiszapfenwald
0%
Felspfad
0%
Ferner See
0%
Gletscherhöhle
0%
Himmelsstufen
0%
Infernohöhle
0%
Kalksteinhöhle
0%
Kargtal
0%
Klammhöhle
0%
Labyrinthhöhle
0%
Lawinenberg
0%
Linker Höhlenpfad
0%
Meereszuflucht
0%
Mirakelmeer
0%
Null-Insel-Zentrum
0%
Östliche Höhle
0%
Quellhöhle
0%
Raumklippen
0%
Rechter Höhlenpfad
0%
Rieseneisberg
0%
Ringmeer
0%
Ruinenverlies
0%
Schicksalsschlucht
0%
Sinelwald
0%
Sternenhöhle
0%
Süddschungel
0%
Südöstliche Inseln
0%
Trübwald
0%
Trügerische Gewässer
0%
Üppige Steppe
0%
Verborgene Ruinen
0%
Verhängnisturm
0%
Verlorene Wildnis
0%
Weltenschlucht
0%

Verteilung der Resultate

Perzentil nach korrekt beantworteten Fragen

Anzahl Personen mit jedem Resultat

Ihre Resultats-Entwicklung

Sie haben dieses Quiz noch nicht gespielt